Gua̕ prc̀tica de consolidacin̤ de estados financieros

Detalles Bibliográficos
Autor principal: Moreno Aragn̤, Andrš
Formato: eBook
Lenguaje:español
Publicado: Bogot:̀ Grupo Editorial Nueva Legislacin̤, 2017
Materias:
Acceso en línea:Acceso restringido

MARC

LEADER 00000nam a22000007a 4500
005 20191015212022.0
007 cr|||| ||||
008 191015s2017 co |||||s|||| 00||0 spa d
020 |a 978-958-56259-1-4 
035 |a 30506 
040 |a vLex 
090 |c 9817  |d 9817 
100 1 |a Moreno Aragn̤, Andrš 
245 1 0 |a Gua̕ prc̀tica de consolidacin̤ de estados financieros  |h [Recurso electrn̤ico] /  |c Andrš Moreno Aragn̤ 
256 |a Servicio en ln̕ea 
260 |a Bogot:̀  |b Grupo Editorial Nueva Legislacin̤,  |c 2017 
300 |a 1 recurso electrn̤ico 
506 1 |a Disponible solo en los productos indicados  |d vLex Global  |d vLex Global (Academic Edition, excluding Law Schools)  |d vLex Global (U.S. Academic Edition, Law Schools)  |d vLex Global (U.S. Academic Edition, excluding Law Schools)  |d vLex Global (Academic Edition, Law Schools) 
650 0 4 |a Derecho Tributario  |z Colombia 
740 0 |a vLex Libros (Servicio en ln̕ea) 
856 4 0 |u http://vlex.com/source/guia-practica-consolidacion-estados-financieros-30506  |z Acceso restringido 
942 |c BOOK 
999 0 |a Tax Law